Spatial Dimensions of Deprivation and Vulnerability in Kolkata Metropolis: (Record no. 20631)
[ view plain ]
| 000 -LEADER | |
|---|---|
| fixed length control field | 00572nam a2200133Ia 4500 |
| 082 ## - DEWEY DECIMAL CLASSIFICATION NUMBER | |
| Classification number | RB.0272 |
| 100 ## - MAIN ENTRY--AUTHOR NAME | |
| Personal name | Banerjee, Anuradha |
| Affiliation | Centre for the Studies of Regional Development, Jawaharlal Nehru University |
| Place | New Delhi |
| 245 #0 - TITLE STATEMENT | |
| Title | Spatial Dimensions of Deprivation and Vulnerability in Kolkata Metropolis: |
| Sub Title | Issues and Challenges to Slum Development Programmes |
| 260 ## - PUBLICATION, DISTRIBUTION, ETC. (IMPRINT) | |
| Year of publication | 2014 |
| Place of publication | New Delhi |
| 300 ## - PHYSICAL DESCRIPTION | |
| Number of Pages | 150p |
| 536 ## - FUNDING INFORMATION NOTE | |
| Funding Agency | Indian Council of Social Science Research, New Delhi |
| 650 ## - SUBJECT ADDED ENTRY--TOPICAL TERM | |
| Topical Term | Government Policy |
| Form subdivision | Social and Economic aspect |
| Geographic subdivision | Kolkata |
| -- | India |
| 942 ## - ADDED ENTRY ELEMENTS (KOHA) | |
| Koha item type | Research Reports |
| Source of classification or shelving scheme | Dewey Decimal Classification |
| Withdrawn status | Lost status | Damaged status | Not for loan | Collection code | Home library | Current library | Date acquired | Source of acquisition | Bill Date | Full call number | Accession Number | Price effective from | Koha item type |
|---|---|---|---|---|---|---|---|---|---|---|---|---|---|
| Not For Loan | ICSSR Research Project Reports | NASSDOC Library | NASSDOC Library | 10/10/2017 | Gifted by : RP Division, ICSSR | 2017-10-09 | RB.0272 | 49415 | 18/04/2019 | Research Reports |
